Použitie poruchového počtu pri analýze tlmených normálnych tvarov sendvičových nosníkov s nesymetrickými okrajovými podmienkami

Podrobná bibliografia
Hlavní autori: Oravský, Vladimír, 1934- (Autor), Markuš, Š. (Autor), Šimková, O. (Autor)
Médium: Článok
Jazyk:slovenčina

MARC

LEADER 00000nab a2200000uu 4500
001 vtls011457400
003 SK-MaSNL
005 20260303151712.0
008 230222|1975 xo |||||||||||||||||slo|
015 |a SNBRB 
035 |a (urnnbn)urn:nbn:sk:snk:ar-a09uzo 
035 |a (uuid)a647b377-9cfd-403c-ab86-86a6e6617128 
035 |a urn:nbn:sk:snk-abcrzz 
040 |a SNKBUCL  |b slo  |c SNKBUCL  |e AACR2 
041 0 |a slo 
044 |a xo  |c SK 
100 1 |a Oravský, Vladimír,  |d 1934-  |4 aut  |9 39857 
245 1 0 |a Použitie poruchového počtu pri analýze tlmených normálnych tvarov sendvičových nosníkov s nesymetrickými okrajovými podmienkami  |c V. Oravský, Š. Markuš, O. Šimková 
700 1 |a Markuš, Š.  |4 aut  |9 1171370 
700 1 |a Šimková, O.  |4 aut  |9 1171380 
773 0 |t Strojnícky časopis  |g Roč. 26, č. 1 (1975), s. 44-56 
954 |a odborná, vedecká literatúra pôvodná (slovenská)  |2 lita 
958 |a OND 
958 |a EUIPO 
958 |a article16 
999 |c 2018939  |d 2020869